| 000 | 04287nab a2200337 i 4500 | ||
|---|---|---|---|
| 003 | BR-BrBNA | ||
| 005 | 20230823102257.0 | ||
| 008 | 230530b2020 bl.ar|pooa||| 00| 0 por | | ||
| 040 |
_aBR-BrBNA _bpor |
||
| 072 |
_aH20 _b2110 |
||
| 072 | _aF30 | ||
| 100 | _aMacêdo, Mariosvaldo | ||
| 100 | _aRosa, Eimar Sampaio | ||
| 100 | _aLuz, Edna Dora Martins Newman | ||
| 100 | _aPires, José Luis | ||
| 245 | _aAvaliação de clones de cacaueiro quanto a produtividade e incidência de vassoura de bruxa e podridão parda | ||
| 500 | _aPublicação on-line; 16 ref.; 3 tables; Summaries (En, Pt) | ||
| 520 | _a Foram avaliados, em um sistema de blocos incompletos, 179 clones de cacaueiro, em 79 locais, por um período de 11 anos. A maioria destes clones deriva de um processo de seleção para resistência e produtividade conduzido por toda a região cacaueira da Bahia, e foram aqui escolhidos os aparentemente mais promissores dentre os selecionados neste grande ciclo de seleção massal. Foram constatadas diferenças altamente significativas, entre os clones avaliados, para as variáveis: produção, número de vassouras vegetativas, número de vassouras de almofada floral e número total de vassouras, porcentagem de frutos com vassoura de bruxa e porcentagem de frutos com podridão parda. Diferentes clones tiveram diferentes evoluções para essas características com o aumento da idade, e houve diferenças na adaptação aos ambientes. Entre as variedades atualmente recomendadas pela Ceplac para plantio comercial, as com melhor produção foram: FA 13, SJ 02, CCN 51, PS 1319, CEPEC 2002, CCN 10 e Vencedora 20. CCN 51, SJ 02 e FA 13 tiveram médias de produção significativamente superiores à da variedade PS 1319. Também produziram significativamente mais que a variedade PS 1319 os clones PS 5785, VT 05, RLF 1938, VT 10, CSG 70, FL 89, SL 06, BN 34 e FL 76. Palavras-chave: Melhoramento genético do cacaueiro, resistência à vassoura de bruxa, resistência à podridão parda, Theobroma cacao. | ||
| 520 | _aEvaluation of cocoa clones as to the productivity and incidence of witches’ broom and black pod. It was evaluated 179 cocoa clones in an incomplete block design, in 79 locations, for a total period of 11 years. Most of these clones derive from a selection process for resistance and productivity conducted throughout the entire cocoa region of Bahia, and the apparently most promising among those selected in this great mass selection cycle were here chosen. Highly significant differences were found among the evaluated clones for the variables: production, number of vegetative brooms, number of floral cushion brooms and total number of brooms, percentage of fruits with witches’ broom and percentage of fruits with black pod. Different clones had different evolutions for these characteristics with the increasing in age, and there were differences in adaptation for different environments. Among the varieties currently recommended by Ceplac for commercial planting, those with the best production were: FA 13, SJ 02, CCN 51, PS 1319, CEPEC 2002, CCN 10 and Vencedora 20. CCN 51, SJ 02 and FA 13 had production averages significantly higher than the variety PS 1319. The clones: PS 5785, VT 05, RLF 1938, VT 10, CSG 70, FL 89, SL 06, BN 34 and FL 76 also produced significantly more than the PS 1319 variety. Key words: Cacao genetic improvement, Resistance to witches’ broom, Resistance to black pod, Theobroma cacao | ||
| 650 | _aMELHORAMENTO GENÉTICO VEGETAL | ||
| 650 | _aCACAU | ||
| 650 | _aTHEOBROMA CACAO | ||
| 650 | _aVASSOURA DE BRUXA | ||
| 650 | _aPODRIDÃO PARDA | ||
| 650 | _aVARIEDADE RESISTENTE | ||
| 773 | 0 |
_01823 _925140 _dItabuna-BA Comissão Executiva do Plano de Lavoura Cacaueira 1989 _o2023-435719 _tAgrotrópica (Brazil) _x0103-3816 _gv. 33(1) p. 5-16; (Jan-Apr 2021) _wBR2023000605 |
|
| 856 | _uhttps://www.gov.br/agricultura/pt-br/assuntos/ceplac/publicacoes/revista-agrotropica/artigos/2021/0103-3816-2021v33n1p5-16.pdf | ||
| 856 | _uhttps://www.gov.br/agricultura/pt-br/assuntos/ceplac/publicacoes/revista-agrotropica/revista-volumes/2000-a-2010/revista-agrotropica-vol-33-no-1-2021.pdf | ||
| 942 | _cAnalítica | ||
| 999 |
_c9260 _d9260 |
||